000 00335 a2200157 4500
001 193193
020 _a978-85-8184-137-3
040 _cMagnum
100 _aWagner, Anke
240 1 0 _aO namorado da mamãe
_lpor
245 1 0 _aO namorado da mamãe
300 _a29
362 0 _a2018
697 _aLITERATURA INFANTO
942 _cBK
999 _c193193
_d193193